| 000 | 00543nam a2200193 a 4500 | ||
|---|---|---|---|
| 001 | 1728 | ||
| 003 | CDMR | ||
| 005 | 20131211133216.0 | ||
| 008 | 130130s1981||||||||||||||||||||||||||||d | ||
| 020 | _a8420508179 | ||
| 040 |
_aCDMR _bcat _cCDMR |
||
| 100 | 1 |
_aDelgado Cebrian, Alberto _91290 |
|
| 245 | 1 | 0 |
_aIntroducción al periodismo _cAlberto Delgado Cebrián |
| 260 |
_aMadrid _c1981 _bAlhambra |
||
| 300 |
_a65 p. _c26 cm |
||
| 490 |
_aProyecto MT-62 Alhambra. _aSerie P |
||
| 650 | 0 | 4 |
_94374 _aPeriodisme _xManuals, guies, etc |
| 942 |
_cMON _2udc |
||
| 999 |
_c1728 _d1728 |
||